000 00296nam a22001217a 4500
008 170426b xxu||||| |||| 00| 0 eng d
041 _aeng
080 _24 ED
_a54
100 _a12
101 _aSHM
245 _aQUALITATIVE ANALYSIS AND CHEMICAL EQUILIBRIUM
_cHOGNESS.T.R
942 _2udc
_cBK
999 _c12178
_d12178